Corrents induïts
Descripción Física:
32 p. : il. ; 23 cm
Colección:
Text núm. 30
Otros Autores:
Catalunya. Extensió d'Ensenyament Tècnic
Materias:
Corrents elèctrics
MARC
| LEADER | 00000nam a2200000Ia 4500 | ||
|---|---|---|---|
| 001 | 8485 | ||
| 008 | 160829s9999 xx 000 0 cat d | ||
| 080 | |a RF-6-34 | ||
| 245 | |a Corrents induïts | ||
| 260 | |a Barcelona : |b Mancomunitat de Catalunya, Extensió d'Ensenyament Tècnic, [s.a.] | ||
| 300 | |a 32 p. : |b il. ; |c 23 cm | ||
| 490 | |a Text núm. 30 | ||
| 650 | |a Corrents elèctrics |9 28293 | ||
| 700 | |a Catalunya. Extensió d'Ensenyament Tècnic |9 20004 | ||
| 710 | 2 | |a Catalunya. |b Mancomunitat |9 53015 | |
| 856 | 4 | |u https://media.diba.cat/diba/fitxers/arxiu/fulletons/bib_8485_baixa.pdf |y Accés lliure | |
| 856 | 4 | |u https://media.diba.cat/diba/fitxers/arxiu/fulletons/bib_8485_baixa.pdf |y Accés lliure | |
| 901 | |a Arxiu | ||
| 942 | |n 1 |2 udc | ||
| 952 | |0 0 |1 0 |4 0 |6 RF634 |7 1 |9 44764 |a Arxiu |b Arxiu |d 2016-12-01 |l 0 |o RF-6-34 |p 8485 |r 2016-12-01 00:00:00 |w 2016-12-01 |y ARXIU | ||
| 999 | |c 47346 |d 47346 | ||
| 900 | |a bib_8485_baixa.pdf | ||